Day #14: Countries 1400 km away from Bangladesh - Statistics

General Stats
  • This quiz has been taken 28 times
  • The average score is 6 of 6
Answer Stats
Answer % Correct
China
96%
Laos
96%
Myanmar
96%
Thailand
96%
India
92%
Vietnam
88%
No matching quizzes found
Score Distribution
Percent of People with Each Score
Percentile by Number Answered
Your Score History
You have not taken this quiz